|
|
|
|
| LEADER |
00683nab a2200193 i 4500 |
| 001 |
publ34553 |
| 005 |
20240909103939.0 |
| 008 |
240909s2024 hu o 000 eng d |
| 022 |
|
|
|a 1584-2665
|
| 024 |
7 |
|
|a 35212398
|2 mtmt
|
| 040 |
|
|
|a SZTE Publicatio Repozitórium
|b hun
|
| 041 |
|
|
|a eng
|
| 100 |
1 |
|
|a Nagy Valéria
|
| 245 |
1 |
5 |
|a With ChatGPT about ChatGPT
|h [elektronikus dokumentum] /
|c Nagy Valéria
|
| 260 |
|
|
|c 2024
|
| 300 |
|
|
|a 87-92
|
| 490 |
0 |
|
|a ANNALS OF FACULTY OF ENGINEERING HUNEDOARA: INTERNATIONAL JOURNAL OF ENGINEERING
|v 22 No. 2
|
| 650 |
|
4 |
|a Számítás- és információtudomány
|
| 856 |
4 |
0 |
|u http://publicatio.bibl.u-szeged.hu/34553/1/ANNALS-2024-2-13.pdf
|z Dokumentum-elérés
|